| 000 | 00678nam a2200217 a 4500 | ||
|---|---|---|---|
| 999 |
_c3968 _d3968 |
||
| 001 | 3968 | ||
| 003 | BD-JhCC | ||
| 005 | 20220814134022.0 | ||
| 008 | 171120s1991 bg |||| |||| 000 0 ben d | ||
| 035 | _a(BD-JhCC) 3968 | ||
| 040 |
_aBD-JhCC _dBD-JhCC |
||
| 041 | _aben | ||
| 082 |
_a891.443 _bMIL 1991 |
||
| 100 | _aমিলন, ইমদাদুল হক | ||
| 245 |
_aশ্রেষ্ঠ উপন্যাস / _cইমদাদুল হক মিলন |
||
| 260 |
_aঢাকা : _bবিদ্যাপ্রকাশ, _c১৯৯১. |
||
| 300 |
_a৫১১ পৃ. : _c২১ সেমি. |
||
| 650 | _aSelected novel | ||
| 942 |
_2ddc _cBK _03 |
||